| 000 | 00639nam a2200229Ia 4500 | ||
|---|---|---|---|
| 003 | OSt | ||
| 005 | 20230607141058.0 | ||
| 008 | 210423s2011 xx 000 0 und d | ||
| 020 | _a9788183762731 | ||
| 040 | _cAL | ||
| 041 | _aeng | ||
| 082 | _a361.3 SINS | ||
| 100 |
_aSINGH (Krishna Kant);SINGH (Ram Shankar) _9121466 |
||
| 245 | _aSocial work and community development | ||
| 260 |
_aNew Delhi _bA B D Publishers _c2011 |
||
| 300 |
_avi,304 _bPB |
||
| 365 |
_b995 _cINR |
||
| 650 |
_aSocial Problems & Services _9121467 |
||
| 650 |
_aSocial Work _9121468 |
||
| 906 | _acommunity ; development ; Social ; work | ||
| 942 |
_2ddc _cBK |
||
| 999 |
_c176169 _d176169 |
||